| 000 | 00737nam a2200241 a 4500 | ||
|---|---|---|---|
| 001 | 62610 | ||
| 005 | 20180714064712.0 | ||
| 008 | 150519s2009 sp 000 0 spa d | ||
| 020 | _a978-84-750-9850-0 | ||
| 082 | 0 |
_a616.89156 _bCAR |
|
| 100 | 1 | _aCarpenter, J. A. | |
| 245 | 1 | 0 |
_aProblemas y soluciones en terapia familiar y de pareja / _cJ. A. Carpenter. |
| 250 | _aPrimera edición | ||
| 264 | 1 |
_aEspaña : _bPaidós ; _c2009 |
|
| 300 |
_a284 páginas : ; _c22 cm. |
||
| 336 |
_atexto _2rdacontent |
||
| 337 |
_asin mediación _2rdamedia |
||
| 338 |
_avolumen _2rdacarrier |
||
| 490 | 0 |
_aPaidós Terapia Fmiliar _v52 |
|
| 500 | _acolección CEFAS | ||
| 650 | 4 | _aTerapia Familiar | |
| 700 | 1 | _aTreacher, Andrew. | |
| 999 |
_c62610 _d62610 |
||